Communes du Calvados (14) de plus de 10000 habitants - Statistiques

Statistiques générales
  • Ce quiz a été pris 86 fois
  • Le résultat moyen est 5 sur 7
Statistiques - réponses
Habitants Commune % Correct
108398 (préfecture) Caen
100%
12754 Bayeux
88%
19540 Lisieux
79%
22473 Hérouville-Saint-Clair
68%
10286 Mondeville
56%
11868 Ifs
46%
17411 Vire Normandie
37%
Aucun quiz correspondant
Distribution des résultats
% des personnes avec chaque résultat
Percentile par nombre de réponses
Votre historique - résultats
Vous n’avez pas pris ce quiz